header

Criminal victimization of the deaf (Record no. 13343)

MARC details
000 -LEADER
fixed length control field 01557nam a2200349 a 4500
082 04 - DEWEY DECIMAL CLASSIFICATION NUMBER
Classification number 362.4/2
100 1# - MAIN ENTRY--AUTHOR NAME
Personal name Barrow, Lauren M.,
245 10 - TITLE STATEMENT
Title Criminal victimization of the deaf
260 ## - PUBLICATION, DISTRIBUTION, ETC. (IMPRINT)
Place of publication New York :
Name of publisher LFB Scholarly Pub.,
Year of publication 2008.
300 ## - PHYSICAL DESCRIPTION
Number of Pages xi, 199 p. :
Other physical details ill.
490 1# - SERIES STATEMENT
Series statement Criminal justice : recent scholarship
505 0# - FORMATTED CONTENTS NOTE
Formatted contents note Society's elements and the deaf experience -- Peeling back the layers of social discrimination -- Deaf persons as victims -- Research methodology and data -- The data and what it reveals -- Research contributions.
650 #0 - SUBJECT ADDED ENTRY--TOPICAL TERM
Topical Term Deaf
856 40 - ELECTRONIC LOCATION AND ACCESS
Uniform Resource Identifier http://site.ebrary.com/lib/rucke/Doc?id=10256709

No items available.

© 2026 Rongo University
Contact us: librarian | system librarian | Rongo university